[Event "WC-2018-P-00009"]
[Site "LSS email"]
[Date "2018.01.22"]
[Round "?"]
[White "Skorna, Ullrich"]
[Black "Sirotkin, Evgenji"]
[Result "1/2-1/2"]
[WhiteElo "2136"]
[BlackElo "1865"]
[PlyCount "54"]
[EventDate "2018.02.01"]
[EventType "tourn (corr)"]
[EventRounds "12"]
[EventCountry "GER"]
[SourceTitle "Corr 2022"]
[Source "ChessBase"]
[SourceDate "2021.10.24"]
[SourceVersion "1"]
[SourceVersionDate "2021.10.24"]
[SourceQuality "1"]

1. e4 e5 2. Nf3 Nc6 3. Bb5 Nf6 4. d3 Bc5 5. Bxc6 dxc6 6. Qe2 Bd6 7. Nbd2 Be6 8. 0-0 Nd7 9. Re1 Qe7 10. Nc4 Bxc4 11. dxc4 0-0 12. Bd2 a5 13. Rad1 Rfd8 14. Bg5 f6 15. Be3 Bc5 16. Bc1 Nf8 17. c3 Ne6 18. g3 Rd6 19. Nh4 g6 20. Rxd6 cxd6 21. Kg2 Rf8 22. b3 Ng5 23. Nf3 Nxf3 24. Qxf3 f5 25. Bh6 Rf7 26. Re2 Qe6 27. a4 fxe4 1/2-1/2

[Event "WC-2018-P-00009"]
[Site "LSS email"]
[Date "2018.01.22"]
[Round "?"]
[White "Skorna, Ullrich"]
[Black "Sutkalenko, Dmitrij"]
[Result "1-0"]
[WhiteElo "2136"]
[BlackElo "2321"]
[PlyCount "25"]
[EventDate "2018.02.01"]
[EventType "tourn (corr)"]
[EventRounds "12"]
[EventCountry "GER"]
[SourceTitle "Corr 2022"]
[Source "ChessBase"]
[SourceDate "2021.10.24"]
[SourceVersion "1"]
[SourceVersionDate "2021.10.24"]
[SourceQuality "1"]

1. e4 c5 2. b3 Nc6 3. Bb2 a6 4. f4 e5 5. Nf3 exf4 6. Bc4 b5 7. Bd5 Nf6 8. 0-0 Be7 9. c4 0-0 10. Nc3 Rb8 11. e5 Ne8 12. d3 Nc7 13. Ne2 1-0

[Event "WC-2018-P-00009"]
[Site "LSS email"]
[Date "2018.01.22"]
[Round "?"]
[White "Skorna, Ullrich"]
[Black "Tyutyunnik, Roman"]
[Result "1/2-1/2"]
[WhiteElo "2136"]
[BlackElo "2079"]
[PlyCount "117"]
[EventDate "2018.02.01"]
[EventType "tourn (corr)"]
[EventRounds "12"]
[EventCountry "GER"]
[SourceTitle "Corr 2022"]
[Source "ChessBase"]
[SourceDate "2021.10.24"]
[SourceVersion "1"]
[SourceVersionDate "2021.10.24"]
[SourceQuality "1"]

1. e4 c5 2. b3 Nc6 3. Bb2 d6 4. Bb5 Bd7 5. f4 Nf6 6. Bxf6 gxf6 7. Qh5 Nd4 8. Bd3 Rg8 9. c3 c4 10. Bxc4 Nc2+ 11. Kd1 d5 12. Kxc2 dxc4 13. Qe2 Bc6 14. Nf3 Qd3+ 15. Qxd3 cxd3+ 16. Kxd3 Rxg2 17. Ke3 e5 18. d4 Bh6 19. Rg1 Rxg1 20. Nxg1 Bxf4+ 21. Kd3 exd4 22. cxd4 f5 23. exf5 Bd7 24. Nc3 Bxf5+ 25. Ne4 Bg6 26. Nf3 Kf8 27. Nh4 Rd8 28. Rf1 Be5 29. Nf3 Bc7 30. Nh4 Be5 31. Nf3 Bf6 32. Rg1 Bg7 33. Re1 Re8 34. Nh4 Rd8 35. Nf3 Re8 36. Nh4 b5 37. h3 Re7 38. Re2 Rd7 39. Nf3 Rd8 40. Re1 Bf5 41. h4 Bg6 42. Kc3 Rc8+ 43. Kb4 Re8 44. Ned2 Rxe1 45. Nxe1 Bxd4 46. Kxb5 Bf2 47. Nef3 Kg7 48. Kc4 Kf6 49. b4 Kf5 50. Kd3 Bh5 51. Ne4 Kf4 52. Nxf2 Kxf3 53. Nh3 f6 54. Ng1+ Kf2 55. Nh3+ Kg3 56. Ng1 Kxh4 57. a4 f5 58. Ne2 Bf3 59. b5 1/2-1/2

[Event "North Austria-ch Seniors 65"]
[Site "Spitz am Donau"]
[Date "2017.10.12"]
[Round "5"]
[White "Danner, Lambert"]
[Black "Skorna, Ullrich"]
[Result "1/2-1/2"]
[WhiteElo "2054"]
[BlackElo "2076"]
[PlyCount "116"]
[EventDate "2017.10.08"]
[EventType "swiss"]
[EventRounds "7"]
[EventCountry "AUT"]
[SourceTitle "CBM 181 Extra"]
[Source "ChessBase"]
[SourceDate "2017.12.12"]
[SourceVersion "1"]
[SourceVersionDate "2017.12.12"]
[SourceQuality "1"]

1. g3 d5 2. c4 d4 3. Nf3 c5 4. b4 cxb4 5. a3 Nc6 6. d3 e5 7. Bg2 Qb6 8. 0-0 Nf6 9. axb4 Bxb4 10. Qb3 Nd7 11. Ba3 Nc5 12. Qb2 f6 13. Bxb4 Qxb4 14. Qxb4 Nxb4 15. Na3 0-0 16. Rfb1 a5 17. Nb5 Bd7 18. Nd2 Bc6 19. Nb3 Nxb3 20. Rxb3 Bxg2 21. Kxg2 b6 22. h4 Rac8 23. Rb2 Rfd8 24. f3 Rc6 25. Kf2 Rd7 26. g4 g5 27. hxg5 fxg5 28. Rh1 Kg7 29. Ke1 Rh6 30. Rxh6 Kxh6 31. Kd2 Kg6 32. Rb1 h6 33. Na3 Rd6 34. Nb5 Rd7 35. Na3 Kg7 36. Rb2 Kf6 37. Rb1 Ke7 38. Nb5 Kf8 39. Rh1 Kg7 40. Rb1 Na6 41. Na3 Rd6 42. Nb5 Rf6 43. Na7 Nb4 44. Rb2 h5 45. gxh5 Rh6 46. Nc8 Kf8 47. Rb1 Rxh5 48. Nxb6 Ke7 49. Ra1 Nc6 50. c5 Ke6 51. Nc4 Kd5 52. Nxa5 Nxa5 53. Rxa5 g4 54. fxg4 Rg5 55. Ke1 Kc6 56. Kf2 Rxg4 57. e3 dxe3+ 58. Kxe3 Rd4 1/2-1/2